|
|
|
|
| LEADER |
01324nam a22003137a 4500 |
| 001 |
36848 |
| 003 |
BD-DhAAL |
| 005 |
20211111114051.0 |
| 008 |
200101t2017 caua 001 0 eng d |
| 999 |
|
|
|c 41790
|d 41790
|
| 020 |
|
|
|a 9780999282908 (pbk)
|
| 020 |
|
|
|a 9780999282915 (ebk)
|
| 040 |
|
|
|a BD-DhAAL
|
| 082 |
|
|
|a 005.1
|2 23
|
| 100 |
|
|
|a Roughgarden, Tim
|9 38781
|
| 245 |
|
|
|a Algorithms illuminated :
|n Part 1, the basics /
|c Tim Roughgarden.
|
| 250 |
|
|
|a First edition
|
| 260 |
|
|
|a San Francisco, CA :
|b Soundlikeyourself Publishing LLC,
|c c2017
|
| 300 |
|
|
|a xii, 206 pages :
|b illustrations ;
|c 23 cm
|
| 500 |
|
|
|a Includes index.
|
| 526 |
|
|
|a CSE
|
| 541 |
|
|
|a Karim International
|e 36848, 36849
|
| 650 |
|
|
|a Computer algorithms.
|9 38782
|
| 650 |
|
|
|a Computer programming.
|9 38783
|
| 650 |
|
|
|a Computer science.
|9 42551
|
| 852 |
|
|
|a Ayesha Abed Library
|c General Stacks
|
| 942 |
|
|
|2 ddc
|c BK
|
| 952 |
|
|
|0 0
|1 0
|2 ddc
|4 0
|6 005_100000000000000_ROU
|7 0
|9 67587
|a BRACUL
|b BRACUL
|c GEN
|d 2019-12-29
|e Karim International
|g 2040.00
|l 2
|m 31
|o 005.1 ROU
|p 3010036848
|q 2023-08-20
|r 2022-06-15
|s 2022-06-15
|t 1
|v 2040.00
|w 2019-12-29
|y BK
|
| 952 |
|
|
|0 0
|1 0
|2 ddc
|4 0
|6 005_100000000000000_ROU
|7 0
|9 67588
|a BRACUL
|b BRACUL
|c GEN
|d 2019-12-29
|e Karim International
|g 2040.00
|l 12
|m 55
|o 005.1 ROU
|p 3010036849
|r 2025-11-24
|s 2025-09-21
|t 2
|v 2040.00
|w 2019-12-29
|y BK
|